00377nam a2200121Ia 4500008004100000100001900041245002900060260005000089490001100139942000700150999001500157952008300172201210s9999 xx 000 0 und d aKothari, G. M. 0aLabour Law and Practice aCalcuttabInternational Law Book Centrec1979 vVol-II cBK c5311d5311 00104070aCLd2020-12-10o344.5401 K872pPM00222r2020-12-10w2020-12-10yBK